Die größten Städte Argentiniens - Statistiken

Allgemein
  • Dieses Quiz wurde 17 mal gespielt
  • Das Durchschnittsergebnis liegt bei 3 aus 12
Antwortstatistiken
Stadt Einwohner % Korrekt
Buenos Aires 2.890.151
100%
Cordoba 1.317.298
69%
Rosario 948.312
63%
La Plata 643.133
19%
Mar del Plata 593.337
19%
Salta 520.683
13%
Quilmes 582.943
6%
San Miguel de Tucumán 548.866
6%
Almirante Brown 552.902
0%
La Matanza 1.775.816
0%
Lomas de Zamora 616.279
0%
Merlo 528.494
0%
Keine übereinstimmenden Quizze gefunden
Verteilung der Resultate
Anzahl Personen mit jedem Resultat
Perzentil nach korrekt beantworteten Fragen
Ihre Resultats-Entwicklung
Sie haben dieses Quiz noch nicht gespielt